Masks and mirrors (Record no. 17874)
[ view plain ]
| 000 -LEADER | |
|---|---|
| fixed length control field | 01238cam a22003497a 4500 |
| 001 - CONTROL NUMBER | |
| control field | 15184602 |
| 003 - CONTROL NUMBER IDENTIFIER | |
| control field | OSt |
| 005 - DATE AND TIME OF LATEST TRANSACTION | |
| control field | 20140310182949.0 |
| 008 - FIXED-LENGTH DATA ELEMENTS--GENERAL INFORMATION | |
| fixed length control field | 080219s2008 ph 000 0 eng |
| 010 ## - LIBRARY OF CONGRESS CONTROL NUMBER | |
| LC control number | 2008313240 |
| 020 ## - INTERNATIONAL STANDARD BOOK NUMBER | |
| International Standard Book Number | 9789716780260 |
| 020 ## - INTERNATIONAL STANDARD BOOK NUMBER | |
| Cancelled/invalid ISBN | 9716780260 |
| 040 ## - CATALOGING SOURCE | |
| Original cataloging agency | DLC |
| Transcribing agency | DLC |
| Modifying agency | DLC |
| 041 0# - LANGUAGE CODE | |
| Language code of text/sound track or separate title | eng |
| -- | tgl |
| 042 ## - AUTHENTICATION CODE | |
| Authentication code | lcode |
| 050 00 - LIBRARY OF CONGRESS CALL NUMBER | |
| Classification number | PL5539 |
| Item number | .Ur72 2008 |
| 082 ## - DEWEY DECIMAL CLASSIFICATION NUMBER | |
| -- | FIL 899.2012 |
| Item number | U72 2008 |
| 100 1# - MAIN ENTRY--PERSONAL NAME | |
| Personal name | Uranza, Azucena Grajo. |
| 245 10 - TITLE STATEMENT | |
| Title | Masks and mirrors |
| Statement of responsibility, etc | Uranza, Azucena Grajo |
| 260 ## - PUBLICATION, DISTRIBUTION, ETC. (IMPRINT) | |
| Place of publication, distribution, etc | Sampaloc, Manila, Philippines |
| Name of publisher, distributor, etc | Far Eastern University Publications, Far Eastern University |
| Date of publication, distribution, etc | c2008 |
| 300 ## - PHYSICAL DESCRIPTION | |
| Extent | 273 p. |
| Dimensions | 24 cm. |
| 500 ## - GENERAL NOTE | |
| General note | "Eight plays"--Cover. |
| 505 0# - FORMATTED CONTENTS NOTE | |
| Formatted contents note | Solomon's choice -- Versions of the dawn -- Go, rider! -- The deserters -- Isang saglit sa karimlan -- Paglipas ng tag-araw -- Dagundong sa alabok -- Kasukat ng panaginip. |
| 521 ## - TARGET AUDIENCE NOTE | |
| Target audience note | |
| 526 ## - STUDY PROGRAM INFORMATION NOTE | |
| Reading level | 0L to 1700L |
| 541 ## - IMMEDIATE SOURCE OF ACQUISITION NOTE | |
| -- | 1 |
| 546 ## - LANGUAGE NOTE | |
| Language note | English and Tagalog. |
| 562 ## - COPY AND VERSION IDENTIFICATION NOTE | |
| Number of copies | for circulation. 1 copy available in the collection |
| 906 ## - LOCAL DATA ELEMENT F, LDF (RLIN) | |
| a | 7 |
| b | cbc |
| c | origode |
| d | 4 |
| e | ncip |
| f | 20 |
| g | y-gencatlg |
| 942 ## - ADDED ENTRY ELEMENTS (KOHA) | |
| Source of classification or shelving scheme | Library of Congress Classification |
| Koha item type | Books |
| Call number prefix | Filipininana |
| Withdrawn status | Lost status | Source of classification or shelving scheme | Damaged status | Home library | Current library | Shelving location | Date acquired | Total Checkouts | Full call number | Barcode | Date last seen | Copy number | Price effective from | Koha item type |
|---|---|---|---|---|---|---|---|---|---|---|---|---|---|---|
| Library of Congress Classification | College Library | College Library | Filipiniana Section | 02/06/2013 | PL5539 .Ur72 2008 | c13740 | 05/08/2018 | 1 | 02/06/2013 | Books |